000 00325nam a2200133Ia 4500
005 20260328104305.0
008 260328s9999||||xx |||||||||||||| ||und||
100 _aBenet, Juan
245 0 _aLa Construcción de la torre de Babel /
_cJuan Benet
260 _bSiruela
300 _a152 p.
650 _aENSAYOS
942 _cBK
999 _c10742
_d10742